|
|
|
|
| LEADER |
01445nam a2200373 a 4500 |
| 001 |
EBC241881 |
| 003 |
MiAaPQ |
| 005 |
20200520144314.0 |
| 006 |
m o d | |
| 007 |
cr cn||||||||| |
| 008 |
011001s2001 enka sb 101 0 eng |
| 015 |
|
|
|a GBA1-54510
|
| 016 |
7 |
|
|a 0415254175
|2 Uk
|
| 020 |
|
|
|z 0415254175
|
| 035 |
|
|
|a (MiAaPQ)EBC241881
|
| 035 |
|
|
|a (Au-PeEL)EBL241881
|
| 035 |
|
|
|a (CaPaEBR)ebr5001181
|
| 035 |
|
|
|a (CaONFJC)MIL11153
|
| 035 |
|
|
|a (OCoLC)935227581
|
| 040 |
|
|
|a MiAaPQ
|c MiAaPQ
|d MiAaPQ
|
| 050 |
|
4 |
|a HC800
|b .F763 2001
|
| 082 |
0 |
4 |
|a 338.96
|2 21
|
| 245 |
0 |
0 |
|a From crisis to growth in Africa?
|h [electronic resource] /
|c edited by Mats Lundahl.
|
| 260 |
|
|
|a London :
|b Routledge,
|c 2001.
|
| 300 |
|
|
|a xiv, 284 p. :
|b ill.
|
| 500 |
|
|
|a "Essays ... presented at the conference 'From crisis to growth in Africa?' at the Stockholm School of Economics on 7-8 May 1999" - Pref.
|
| 504 |
|
|
|a Includes bibliographical references and index.
|
| 533 |
|
|
|a Electronic reproduction. Ann Arbor, MI : ProQuest, 2015. Available via World Wide Web. Access may be limited to ProQuest affiliated libraries.
|
| 651 |
|
0 |
|a Africa
|x Economic policy
|v Congresses.
|
| 651 |
|
0 |
|a Africa
|x Economic conditions
|y 1960-
|v Congresses.
|
| 655 |
|
4 |
|a Electronic books.
|
| 700 |
1 |
|
|a Lundahl, Mats,
|d 1946-
|
| 710 |
2 |
|
|a ProQuest (Firm)
|
| 856 |
4 |
0 |
|u https://ebookcentral.proquest.com/lib/matrademy/detail.action?docID=241881
|z Click to View
|